Cellular rubbers and plastis- Determination of dynamic cushioing performance (Record no. 74146)

MARC details
000 -LEADER
fixed length control field 00442nam a2200133Ia 4500
245 #0 - TITLE STATEMENT
Title Cellular rubbers and plastis- Determination of dynamic cushioing performance
260 ## - PUBLICATION, DISTRIBUTION, ETC. (IMPRINT)
Place of publication Geneva, Switzerland
260 ## - PUBLICATION, DISTRIBUTION, ETC. (IMPRINT)
Year of publication 1988
Name of publisher International Organization for Standardization
490 ## - SERIES STATEMENT
Series statement Internatinal Standard
500 ## - GENERAL NOTE
General note Standard number: ISO 4651. Ed2
650 ## - SUBJECT ADDED ENTRY--TOPICAL TERM
Topical Term Rubber&Plastics
942 ## - ADDED ENTRY ELEMENTS (KOHA)
Koha item type Standards
Holdings
Withdrawn status Lost status Damaged status Not for loan Home library Current library Date acquired Koha item type
      Standards RRII Library RRII Library 31/12/2021 Standards